000 00510nam a2200181Ia 4500
001 15472
005 20260306170158.0
008 260306t2011||||xx |||||||||||||| ||und||
041 _aESP
082 _a540.076
_bS21
100 _aSánchez Coronilla, Antonio
_eAUT
245 0 _aResolución de problemas de química:
_bConceptos fundamentales. Estequiometría. Método autodidáctico
260 _c2011
300 _a211 páginas :
_c24 cm.
650 _aGEN
654 _aCCN
942 _cLIB
_dJUS
_fJUS
_2ddc
_n
999 _c15472
_d15472